000
00309nam a2200121Ia 4500
008
210430s9999 xx 000 0 und d
082
_a
622 H254I
100
_a
Hartman Howard L
_9
54965
245
_a
Introductory Mining Engineering
_c
Hartman Howard L
260
_c
1987
300
_a
633p.
942
_c
BK
_2
ddc
999
_c
565893
_d
565893